Trendy zmien v usporiadaní národného, postnárodného a globálneho

Charakteristika moderny, postmoderny a kozmopolitizmu, ktoré súčasne existujú v období globalizácie. V globalizácii nepostačujú národné rámce v oblasti štátu, politiky, ekonomiky, kultúry. Globalizácia prináša potrebu zmeny paradigmy ekonómie, ale aj civilizácie ako celku. Je potrebné prehodnotiť vý...

Full description

Saved in:
Bibliographic Details
Main Author: Márton, Milan
Format: Book Chapter
Language:Slovak
Subjects:
Tags: Add Tag
No Tags, Be the first to tag this record!

MARC

LEADER 00000naa a2200000 4500
001 0121038
005 20240502072356.8
041 0 |a slo 
044 |a SK 
245 1 0 |a Trendy zmien v usporiadaní národného, postnárodného a globálneho  |c Milan Márton 
520 |a Charakteristika moderny, postmoderny a kozmopolitizmu, ktoré súčasne existujú v období globalizácie. V globalizácii nepostačujú národné rámce v oblasti štátu, politiky, ekonomiky, kultúry. Globalizácia prináša potrebu zmeny paradigmy ekonómie, ale aj civilizácie ako celku. Je potrebné prehodnotiť východiská ekonómie a spoločenských vied.. Krízy a konflikty poukazujú čoraz viac na potrebu reforiem v svetovej politike a ekonomike. Náčrt niektorých scenárov možného vývoja. 
610 2 0 |a modernizmus 
610 2 0 |a ekonómia 
610 2 0 |a politika svetová 
610 2 0 |a postmodernizmus 
100 1 |a Márton, Milan